000 00627nam a2200217Ia 4500
005 20250326144507.0
008 250326s9999 xx 000 0 und d
037 _aTextbook
040 _aFMSL
_beng
_cFMSL
041 _aeng
_2eng
084 _aX:74 P3
_qFMSL
100 _aBrooks L J
_9749762
245 0 _aBusiness & professional ethics for directors, executives and accountants
_cBrooks L J
250 _a3
260 _aUnited Kingdom
_bUnited Kingdom, Thomson
_c2003
300 _axxv,417
365 _b4417.4414999999999
650 _aManagement
942 _cTB
_hX:74 P3
999 _c1303910
_d1303910